MARC

Tag First Indicator Second Indicator Subfields
LEADER 00000cam a2200000 a 4500
001 in00000017408
005 20230927135931.0
008 880316s1987 dcu 001 0 eng
010 |a  88120784  
019 |a 16947604  |a 926757355  |a 1017167326 
029 1 |a AU@  |b 000005760521 
029 1 |a DEBBG  |b BV005593393 
029 1 |a NLGGC  |b 050288946 
029 1 |a NZ1  |b 3294671 
035 |a (OCoLC)ocm18833847  
035 |a (OCoLC)18833847  |z (OCoLC)16947604  |z (OCoLC)926757355  |z (OCoLC)1017167326 
035 |a (OCoLC)ocm18833847  
040 |a DLC  |b eng  |c DLC  |d BTCTA  |d OCLCG  |d CUS  |d DEBBG  |d OCLCO  |d OCLCF  |d OCLCQ  |d FQG  |d OCL  |d FYW  |d OCL  |d OCLCQ  |d UEJ  |d OCLCQ  |d OCLCO  |d OCLCA  |d OCL  |d FQG  |d OCLCO 
043 |a nwcu---  |a f-ao--- 
050 0 0 |a F1788.2  |b .P55 1987 
050 1 4 |a HN207  |b .P45 1987 
082 0 0 |a 972.91/064  |2 19 
084 |a MI 73040  |2 rvk 
100 1 |a Pino, Rafael del,  |d 1938- 
245 1 0 |a General del Pino speaks :  |b an insight into elite corruption and military dissension in Castro's Cuba. 
260 |a Washington, D.C. (1000 Thomas Jefferson St., N.W., Suite 601, Washington 20007) :  |b Cuban-American National Foundation,  |c 1987. 
300 |a ii, 66 pages ;  |c 23 cm. 
336 |a text  |b txt  |2 rdacontent 
337 |a unmediated  |b n  |2 rdamedia 
338 |a volume  |b nc  |2 rdacarrier 
490 1 |a Cuban-American National Foundation ;  |v 23 
500 |a Includes index. 
505 0 |a Angola -- Cuba. Corruption ; Elite privileges ; Fidel Castro ; Military -- Del pino, Rafael -- Grenada -- Nicaragua -- Soviet Union. 
600 1 0 |a Pino, Rafael del,  |d 1938-  |x Interviews. 
651 0 |a Cuba  |x Politics and government  |y 1959-1990. 
651 0 |a Angola  |x History  |y Civil War, 1975-2002  |x Participation, Cuban. 
651 0 |a Cuba  |x Armed Forces  |x History  |y 20th century. 
650 0 |a Political corruption  |z Cuba  |x History  |y 20th century. 
650 0 |a Generals  |z Cuba  |x Interviews. 
650 0 |a Defectors  |z Cuba  |x Interviews. 
650 0 |a Cubans  |z Angola  |x History  |y 20th century. 
600 1 4 |a Pino, Rafael del,  |d 1938-  |x Interviews. 
651 6 |a Cuba  |x Politique et gouvernement  |y 1959-1990. 
651 6 |a Angola  |x Histoire  |y 1975-2002 (Guerre civile)  |x Participation cubaine. 
651 6 |a Cuba  |x Forces armées  |x Histoire  |y 20e siècle. 
650 6 |a Corruption (Politique)  |z Cuba  |x Histoire  |y 20e siècle. 
600 1 7 |a Pino, Rafael del,  |d 1938-  |2 fast  |0 (OCoLC)fst00206630 
650 7 |a Armed Forces.  |2 fast  |0 (OCoLC)fst00814586 
650 7 |a Cubans.  |2 fast  |0 (OCoLC)fst00884834 
650 7 |a Defectors.  |2 fast  |0 (OCoLC)fst00889593 
650 7 |a Generals.  |2 fast  |0 (OCoLC)fst00939841 
650 7 |a Military participation  |x Cuban.  |2 fast  |0 (OCoLC)fst01353711 
650 7 |a Political corruption.  |2 fast  |0 (OCoLC)fst01069240 
650 7 |a Politics and government  |2 fast  |0 (OCoLC)fst01919741 
651 7 |a Angola.  |2 fast  |0 (OCoLC)fst01208401 
651 7 |a Cuba.  |2 fast  |0 (OCoLC)fst01205805 
647 7 |a Angolan Civil War  |c (Angola :  |d 1975-2002)  |2 fast  |0 (OCoLC)fst01352294 
648 7 |a 1900-2002  |2 fast 
655 7 |a History.  |2 fast  |0 (OCoLC)fst01411628 
655 7 |a Interviews.  |2 fast  |0 (OCoLC)fst01423832 
710 2 |a Cuban American National Foundation (U.S.) 
740 0 |a Insight into elite corruption and military dissension in Castro's Cuba. 
776 0 8 |i Online version:  |a Pino, Rafael del, 1938-  |t General del Pino speaks.  |d Washington, D.C. (1000 Thomas Jefferson St., N.W., Suite 601, Washington 20007) : Cuban-American National Foundation, 1987  |w (OCoLC)570955976 
776 0 8 |i Online version:  |a Pino, Rafael del, 1938-  |t General del Pino speaks.  |d Washington, D.C. (1000 Thomas Jefferson St., N.W., Suite 601, Washington 20007) : Cuban-American National Foundation, 1987  |w (OCoLC)609291260 
830 0 |a Cuban-American National Foundation, Inc. (Series) ;  |v 23. 
938 |a Baker and Taylor  |b BTCP  |n 88120784 //r912  |c $5.00 (pbk.) 
948 |h HELD BY TXA - 197 OTHER HOLDINGS 
994 |a Z0  |b TXA 
999 f f |s 73cedae4-f541-39e2-aec4-f0fd52292e59  |i 034db30d-6964-3f4a-adfa-0275588f4365  |t 0 
952 f f |p ric  |a Texas A&M University  |b Rellis Campus  |c Joint Library Facility  |d Remote Storage  |t 0  |e HN207 .P45 1987  |h Library of Congress classification  |i unmediated -- volume  |m A14810990301 
998 f f |a HN207 .P45 1987  |t 0  |l Remote Storage